=LDR 00000nam 2200000 4500 =001 INLIS000000000008704 =005 20130612100535 =008 ***********************************Ind** =035 ##$$0010-061300000008704 =041 ##$$a Ind =082 ##$$a 658 =090 ##$$a 658, Han m =100 ##$$a Handoko, T. Hani =245 ##$$a Manajemen, Dr.T.Hani Handoko, M.b.A =260 ##$$a 1995 $b Yogyakarta =300 ##$$a 409 hlm, ilus6c21 cm =650 ##$$a Manajemen